00362nam a2200145Ia 4500008004100000020001500041041001200056082001600068100002000084245005500104250000800159260002500167300000800192650001600200221030s9999 xx 000 0 und d a8120312546 aEnglish a105.23bCha aP. P. Chaudhuri 0aComputer Organization & Designcby P. P. Chaudhuri a2nd bPHIaNew Delhic2001 a959 aBE Computer